Estrategia nacional para la conservación de las aves de Colombia (Registro nro. 18100)

Detalles MARC
000 -CABECERA
Campo de control 01635nam a2200469 a 4500
005 - FECHA Y HORA DE LA ULTIMA TRANSACCION
Campo de control 20200104041737.0
008 - ELEMENTOS DE LONGITUD FIJA—INFORMACION GENERAL
Campo de control 140121b2001 ck ado | |||| 00| 0 spa d
020 ## - ISBN
ISBN 9589682669
040 ## - FUENTE DE CATALOGACIÓN
Agencia catalogadora original CO-BoIAVH
Agencia transcriptora CO-BoIAVH
041 0# - IDIOMA
Código de idioma para texto/pista de sonido o título separado Español
044 ## - PAÍS DE PUBLICACIÓN
País de publicación Colombia
082 04 - NUMERO DE CLASIFICACION DECIMAL DEWEY
Número de clasificación 346.46958
Número del ítem R41e1
100 1# - ASIENTO PRINCIPAL--NOMBRE PERSONAL
Nombre personal Renjifo M., Luis Miguel
9 (RLIN) 4281
245 10 - MENCION DE TITULO
Título Estrategia nacional para la conservación de las aves de Colombia
Parte restante del título Versión escolar
260 ## - PUBLICACION, DISTRIBUCION, ETC. (PIE DE IMPRENTA)
Lugar de publicación, distribución, etc. Bogotá :
Nombre del editor, distribuidor, etc. Instituto de Investigación de Recursos Biológicos Alexander von Humboldt,
Fecha de publicación, distribución, etc. 2001.
300 ## - DESCRIPCION FISICA
Extensión 34 páginas :
Otros detalles físicos ilustraciones, mapas, fotografías a color ;
Dimensiones 21 x 14 cm.
650 #4 - ASIENTO SECUNDARIO DE MATERIA - TERMINO TEMATICO
Término temático o nombre geográfico como elemento de entrada Conservación de biodiversidad
9 (RLIN) 345
650 #6 - ASIENTO SECUNDARIO DE MATERIA - TERMINO TEMATICO
Término temático o nombre geográfico como elemento de entrada Aves
9 (RLIN) 92429
650 #4 - ASIENTO SECUNDARIO DE MATERIA - TERMINO TEMATICO
Término temático o nombre geográfico como elemento de entrada Estrategias de conservación
9 (RLIN) 92602
650 #6 - ASIENTO SECUNDARIO DE MATERIA - TERMINO TEMATICO
Término temático o nombre geográfico como elemento de entrada Especies amenazadas
9 (RLIN) 157
650 #6 - ASIENTO SECUNDARIO DE MATERIA - TERMINO TEMATICO
Término temático o nombre geográfico como elemento de entrada Especies endémicas
9 (RLIN) 92935
662 ## - ASIENTO SECUNDARIO DE MATERIA - JERARQUIA DEL NOMBRE DE LUGAR(
País o entidad mayor Colombia
700 1# - ASIENTO SECUNDARIO - NOMBRE PERSONAL
Nombre personal Franco, Ana María
9 (RLIN) 408
700 1# - ASIENTO SECUNDARIO - NOMBRE PERSONAL
Nombre personal Alvarez , Humberto
9 (RLIN) 4508
700 1# - ASIENTO SECUNDARIO - NOMBRE PERSONAL
Nombre personal Borja, Rafael
9 (RLIN) 4509
700 1# - ASIENTO SECUNDARIO - NOMBRE PERSONAL
Nombre personal Botero, Jorge E.
9 (RLIN) 4510
700 1# - ASIENTO SECUNDARIO - NOMBRE PERSONAL
Nombre personal Cordoba, Sergio
9 (RLIN) 4511
700 1# - ASIENTO SECUNDARIO - NOMBRE PERSONAL
Nombre personal De la Zerna, Susana
9 (RLIN) 4512
700 1# - ASIENTO SECUNDARIO - NOMBRE PERSONAL
Nombre personal Didier, Gisele
9 (RLIN) 92280
700 1# - ASIENTO SECUNDARIO - NOMBRE PERSONAL
Nombre personal Estela, Felipe
9 (RLIN) 99981
700 1# - ASIENTO SECUNDARIO - NOMBRE PERSONAL
Nombre personal De La Zerda, Susana
9 (RLIN) 4515
700 1# - ASIENTO SECUNDARIO - NOMBRE PERSONAL
Nombre personal Didier, Gisele
9 (RLIN) 92280
700 1# - ASIENTO SECUNDARIO - NOMBRE PERSONAL
Nombre personal Estela, Felipe
9 (RLIN) 99981
700 1# - ASIENTO SECUNDARIO - NOMBRE PERSONAL
Nombre personal Márquez, César
9 (RLIN) 2724
700 1# - ASIENTO SECUNDARIO - NOMBRE PERSONAL
Nombre personal Montenegro, M. I.
9 (RLIN) 4518
700 1# - ASIENTO SECUNDARIO - NOMBRE PERSONAL
Nombre personal Murcia, C.
9 (RLIN) 4519
700 1# - ASIENTO SECUNDARIO - NOMBRE PERSONAL
Nombre personal Rodríguez, J. V.
9 (RLIN) 4520
700 1# - ASIENTO SECUNDARIO - NOMBRE PERSONAL
Nombre personal Samper , C.
9 (RLIN) 4521
700 1# - ASIENTO SECUNDARIO - NOMBRE PERSONAL
Nombre personal Weder, W. H.
9 (RLIN) 4522
710 2# - ASIENTO SECUNDARIO - NOMBRE CORPORATIVO
Nombre corporativo o de jurisdicción como elemento de entrada Instituto de Investigación de Recursos Biológicos Alexander von Humboldt
9 (RLIN) 204
942 ## - ELEMENTOS ADICIONALES (KOHA)
Tipo de ítem Folleto
Sistema de clasificación Dewey Decimal Classification
Existencias
Withdrawn status Lost status Sistema de Clasificación Damaged status No para préstamo Colección Inventariado Ubicación Permanente Ubicación actual Fecha de adquisición Total Checkouts Número topográfico Inventario / Código de Barras Date last seen Ejemplar Price effective from Forma de adquisición Tipo de material
    Dewey Decimal Classification     Humboldt Inventariado 2017 Bogotá Bogotá 04/02/2016   IAVH-346.46958 R41e1 030060 04/02/2016 Ej. 1 04/02/2016 Institucional Folleto